| 000 | 00426nam a2200145Ia 4500 | ||
|---|---|---|---|
| 008 | 230917s9999||||xx |||||||||||||| ||und|| | ||
| 040 |
_e202699 _aMAIN |
||
| 041 | _aEnglish | ||
| 082 | _a547.2 F951H | ||
| 100 | _aFuchs, Philip L, ed. | ||
| 245 | 0 | _aHandbook of reagents for organic synthesis: Reagents for silicon-mediated organic synthesis | |
| 260 |
_aHoboken _bJohn Wiley _c2011 |
||
| 300 | _axxix, 822 p. | ||
| 942 | _cBK | ||
| 999 |
_c160703 _d160703 |
||